000 00351nam a2200145Ia 4500
008 220216s9999 xx 000 0 und d
100 _aYu D X
245 2 _aA study on the flakeboard made from rubber wood
260 _bWood Industry
_c1991
300 _aDec-16
500 _aCAB CD 1995
700 _aSong Y R
700 _aZhao Y F
942 _cBO
999 _c47810
_d47810